| 000 | 00491nam a2200181Ia 4500 | ||
|---|---|---|---|
| 008 | 230525s9999 xx 000 0 und d | ||
| 020 | _a978-93-325-7821-0 | ||
| 082 |
_a005.8 _bKAU |
||
| 100 | _aCharlie Kaufman | ||
| 245 | 0 | _aNetwork Security:Private Communication in a Public World | |
| 250 | _a2 | ||
| 260 |
_aNoida _bPearson _c2018 |
||
| 300 | _axxxiv,638p; | ||
| 500 | _aQuantity Number: 15 | ||
| 650 | _aComputer science | ||
| 700 | _aRadia Perlman,Mike Speciner | ||
| 942 | _cBK | ||
| 999 |
_c61046 _d61046 |
||